000 00318nam a22001217a 4500
082 _a658.2 MAI'P
100 _aMAIER, NORMAN R. F
_960601
245 _aPSYCHOLOGY IN INDUSTRY A PSYCHOLOGY APPROACH TO INDUSTRIAL PROBLEMS
250 _a2ND
260 _aLONDON
_bGEORGE G. HARRAP
_c1955
300 _a678P
942 _cBK
999 _c570290
_d570290